000
00192nam a2200073Ia 4500
008
170817s9999 xx 000 0 und d
100
_a
RAO DIGUMARATI BHASKAR
245
0
_a
NATIONAL POLICY ON EDUCATION
260
_b
D.P.H . PUB.
999
_c
36707
_d
36707